|
|
|
|
| LEADER |
00000cam a2200000 a 4500 |
| 001 |
vtls008432558 |
| 003 |
SK-MaSNL |
| 005 |
20260302074915.0 |
| 008 |
210928e1989 ru g 001 0 rus |
| 020 |
|
|
|a 5700000784
|
| 035 |
|
|
|a SAVUKc004716
|
| 040 |
|
|
|a SNK
|b slo
|c SNK
|e AACR2
|
| 041 |
0 |
|
|a rus
|
| 044 |
|
|
|a ru
|c RU
|
| 080 |
|
|
|a 025.47
|2 1981
|
| 245 |
0 |
0 |
|a Bibliotečno-bibliografičeskaja klassifikacija
|b Tablicy dľa krajevedčeskich katalogov bibliotek
|c Red. N.S. Kartašov
|
| 260 |
|
|
|a Moskva
|b Knižnaja palata
|c 1989
|
| 300 |
|
|
|a 322 s.
|b Lit., reg.
|
| 650 |
0 |
7 |
|a katalogizácia
|2 SNKPH
|9 22191
|
| 650 |
0 |
7 |
|a klasifikácia
|2 SNKPH
|9 3849
|
| 650 |
0 |
7 |
|a kategorizácia a klasifikácia
|2 SNKPH
|9 200773
|
| 655 |
|
7 |
|a monografie
|2 SNKPH
|9 70139
|
| 700 |
1 |
|
|a Kartašov, N.S.
|4 edt
|9 287754
|
| 919 |
|
|
|a 5-7000-0078-4
|
| 958 |
|
|
|a OND
|
| 958 |
|
|
|a RU
|
| 999 |
|
|
|c 1167030
|d 1168960
|
| 952 |
|
|
|t P60, <04>, [BOOK], {604}
|a SNK
|b SNK
|y VYP
|7 0
|o snkIC 114448
|i snkV 805/90
|0 0
|1 0
|4 0
|d 1997-09-03
|l 0
|r 2005-01-02 00:00:00
|w 2026-02-24
|
| 952 |
|
|
|t P60, <04>, [BOOK], {604}
|a SNK
|b SNK
|y VYP
|7 0
|o snkIC 114448 D1
|i snkV 806/90
|0 0
|1 0
|4 0
|d 1997-09-03
|l 0
|r 2005-01-02 00:00:00
|w 2026-02-24
|